00337nam a2200133Ia 4500008004100000020001500041041001200056082001600068100001800084245005200102260002500154300000800179650001600187221030s9999 xx 000 0 und d a0074631217 aEnglish a105.23bFai aR. E. Fairley 0aSoftware Engineering Conceptscby R. E. Fairley bTMHaNew Delhic2000 a364 aBE Computer